000 00514nam a22001697a 4500
082 _a954.91
_bQAI
_cL-30, P-181
100 _aFarooqi, Qaisar
_946392
245 _aسیاچن کی سرحد پر
_cQaisar Farooqi
260 _aPakistan
_bArmy education press
300 _a680.p:
526 _a0
_b0
_c0
_d954_910000000000000_QAI
526 _a0
_b0
_c0
_d954_910000000000000_QAI
526 _a0
_b0
_c0
_d954_910000000000000_QAI
526 _a0
_b0
_c0
_d954_910000000000000_QAI
650 _aMCE
_9379
942 _2ddc
_cBK
999 _c549738
_d549738